000 03046nkm0a2200469 4500
001 RU\NLR\bibl\2084896
005 20250806203904.0
020 _aRU
_b494
_9ЛЕНИНГРАД В ВЕЛИКОЙ ОТЕЧЕСТВЕННОЙ ВОЙНЕ: Печать Ленинграда, 1941 - 1945: каталог изданий, хранящихся в фондах Государственной Публичной библиотеки, вып.2. Листовки,плакаты,открытки,альбомы/Гос.публ.б-ка им.М.Е.Салтыкова-Щедрина. - Ленинград,1972
035 _a(NLR Aleph) 010196569
090 _a79027
_c79027
100 _a20131031j1944 u y0rusy50 ca
101 0 _arus
102 _aRU
105 _ay z |||||
135 _acrcu 024apaba
200 1 _aСекретарю... РК ВЛКСМ, Директору... Леспромхоза 16 июня 1944 г. (ЛЗК) "Ленинградский обком ВЛКСМ... ставит Вас в известность..."
210 _a[Ленинград]
_cтип. ф-ки "Светоч"
_d[1944, июнь, 16]
215 _a1 с.
_d33х21
300 _aПодписи: Секретарь Ленобкома ВЛКСМ (Сехчин); Управляющий трестом "Леспромтрест" (Авдеев); Зам. управл. трестом "Ленлес" (Горышин)
327 1 _aСообщение об изменении условий социалистического соревнования, принятых 13 янв. 1944 г.
337 _aЭлектронная копия доступна в Электронной библиотеке РНБ
540 1 _aСообщение об изменении условий социалистического соревнования, принятых 13 янв. 1944 г.
606 1 _aБлокада Ленинграда
_z1941 - 1944
_jЛистовки
_2nlr_sh1
_2nlr_sh2
_3RU\NLR\AUTH\661253360
686 _aТ3(2)722.721,011
702 1 _aСехчин
_4570
702 1 _aАвдеев
_4570
702 1 _aГорышин
_4570
712 0 2 _aВЛКСМ
_bЛенинградский областной комитет
_3RU\NLR\AUTH\8810065970
_4570
801 0 _aRU
_bNLR
_c19720101
_gPSBO
801 1 _aRU
_bNLR
_c20131031
_gRCR
852 _aNLR
_bЛ3-330л
_j6/3-5
856 0 _uhttp://vivaldi.nlr.ru/ll000075451/view
856 1 _uhttp://vivaldi.nlr.ru/ll000075451/cover
856 2 _uhttp://vivaldi.nlr.ru/ll000075451/text
901 _eКнижные издания
942 _cVISUAL
945 _aРоссийская национальная библиотека
980 _aBV
981 3 7 _a(37) Ленинград в Великой Отечественной войне
_b(37) Листовки блокадного Ленинграда
981 2 1 _a(21) Листовки
_b(21) Листовки блокадного Ленинграда